[Event "Hannover Region-ch"]
[Site "Hannover"]
[Date "2006.03.11"]
[Round "5"]
[White "Zakidyshev, Gennadiy"]
[Black "Westermann, Edmund"]
[Result "1/2-1/2"]
[WhiteElo "1838"]
[BlackElo "1479"]
[PlyCount "97"]
[EventDate "2006.01.14"]
[EventType "swiss"]
[EventRounds "7"]
[EventCountry "GER"]
[SourceTitle "EXT 2021"]
[Source "ChessBase"]
[SourceDate "2020.10.23"]
[SourceVersion "1"]
[SourceVersionDate "2020.10.23"]
[SourceQuality "1"]

1. d4 e6 2. c4 d5 3. Nc3 Nf6 4. Nf3 b6 5. cxd5 Nxd5 6. e4 Nf6 7. Be2 Be7 8. 0-0 Bb7 9. e5 Nd5 10. Re1 0-0 11. Nxd5 Bxd5 12. Be3 Nd7 13. a3 c5 14. Rc1 Rc8 15. dxc5 Bxc5 16. Bg5 f6 17. exf6 Nxf6 18. b4 Be7 19. Rxc8 Qxc8 20. Qa4 Qb8 21. h3 Bd6 22. Bxf6 Rxf6 23. Rc1 Rf7 24. Rc2 Qd8 25. Bc4 Qf6 26. Bf1 Bb7 27. Qe8+ Rf8 28. Qd7 Bxf3 29. Qxd6 Bd5 30. Qg3 Qe7 31. Rc7 Qf6 32. Rxa7 Qa1 33. Rc7 Qb2 34. Qe3 Qa1 35. Qc3 Qxc3 36. Rxc3 Ra8 37. Bc4 Rc8 38. Bxd5 Rxc3 39. Bxe6+ Kf8 40. a4 Rc1+ 41. Kh2 Ra1 42. Bd7 Ke7 43. Bc6 Kd6 44. Be8 Ke5 45. Kg3 Kd4 46. a5 bxa5 47. bxa5 Rxa5 48. Bc6 h6 49. h4 1/2-1/2

[Event "Hannover Region-ch op"]
[Site "Hannover"]
[Date "2003.02.22"]
[Round "4"]
[White "Polnau, Manuel"]
[Black "Westermann, Edmund"]
[Result "1/2-1/2"]
[WhiteElo "1207"]
[BlackElo "1435"]
[PlyCount "68"]
[EventDate "2003.01.25"]
[EventType "swiss"]
[EventRounds "7"]
[EventCountry "GER"]
[SourceTitle "EXT 2022"]
[Source "ChessBase"]
[SourceDate "2021.10.06"]
[SourceVersion "1"]
[SourceVersionDate "2021.10.06"]
[SourceQuality "1"]

1. e4 e6 2. d4 d5 3. exd5 exd5 4. Bd3 Nf6 5. Nf3 Be7 6. 0-0 0-0 7. Bg5 Be6 8. Nbd2 Nbd7 9. c3 c6 10. Qc2 h6 11. Bh4 Re8 12. Rfe1 b6 13. Ne5 Qc7 14. Ndf3 c5 15. Nxd7 Qxd7 16. Re3 c4 17. Bf1 Qd8 18. h3 Ne4 19. Bxe7 Rxe7 20. Nd2 Nf6 21. Nf3 Qc7 22. Rae1 Rae8 23. Re5 Qc8 24. R5e2 Ne4 25. Nd2 Bf5 26. Nxe4 Rxe4 27. Rxe4 Rxe4 28. Rxe4 Bxe4 29. Qe2 Qf5 30. Qe3 Qe6 31. f3 Bg6 32. Qxe6 fxe6 33. Kf2 Kf7 34. Be2 Kf6 1/2-1/2

[Event "Hannover Region-ch op"]
[Site "Hannover"]
[Date "2003.01.25"]
[Round "1"]
[White "Sudakow, Wolfgang"]
[Black "Westermann, Edmund"]
[Result "1-0"]
[WhiteElo "1809"]
[BlackElo "1435"]
[PlyCount "127"]
[EventDate "2003.01.25"]
[EventType "swiss"]
[EventRounds "7"]
[EventCountry "GER"]
[SourceTitle "EXT 2022"]
[Source "ChessBase"]
[SourceDate "2021.10.06"]
[SourceVersion "1"]
[SourceVersionDate "2021.10.06"]
[SourceQuality "1"]

1. c4 c5 2. g3 g6 3. Bg2 Bg7 4. Nf3 Nf6 5. 0-0 Nc6 6. d3 0-0 7. a3 d6 8. Nc3 Rb8 9. Nd2 Bd7 10. e3 Qc8 11. Nde4 Re8 12. Nxf6+ Bxf6 13. Qc2 Ne5 14. f4 Nc6 15. Bd2 e5 16. fxe5 Bxe5 17. Ne4 Qc7 18. Bc3 f5 19. Bxe5 fxe4 20. Bf4 exd3 21. Qxd3 Ne5 22. Qc3 Bc6 23. Bd5+ Bxd5 24. cxd5 Qe7 25. h4 Nf7 26. Rae1 Qe4 27. Qd2 Ne5 28. Bxe5 Rxe5 29. Qa5 Qxd5 30. Qc7 Ree8 31. Rf6 Rbc8 32. Qxd6 Qxd6 33. Rxd6 Rc7 34. Kf2 Kf7 35. Rd3 Rce7 36. Rc1 b6 37. Ke2 Re4 38. Rf1+ Kg7 39. Rc1 a5 40. Rd7+ Kh6 41. Rc3 R8e7 42. Rxe7 Rxe7 43. Rd3 Kg7 44. Rd6 Rb7 45. Kd3 Kf7 46. Kc4 Re7 47. Rxb6 Rxe3 48. Rb3 Re5 49. Rb7+ Kf6 50. Rb5 Re3 51. Rxc5 Rxg3 52. Rxa5 Rg4+ 53. Kd3 Rxh4 54. b4 Rf4 55. b5 Rf5 56. Ra6+ Kg5 57. a4 h5 58. b6 Rf6 59. Ra5+ Kf4 60. Rb5 Rf8 61. b7 Rb8 62. a5 h4 63. a6 h3 64. a7 1-0